Countries and Capitals of the World in 15 Minutes Quiz - Statistics

General Stats
  • This quiz has been taken 132 times
  • The average score is 162 of 396
Answers on the Map
Answers color-coded by a green-red scale on the quiz's map according to % correct below.
 
Answer Stats
Country/Capital % Correct
United States
94%
Russia
91%
Canada
90%
Mexico
90%
Mexico City
90%
China
89%
India
88%
Japan
87%
United Kingdom
86%
Australia
85%
France
85%
Germany
85%
Brazil
84%
Spain
84%
Argentina
83%
Iceland
82%
Italy
82%
Turkey
82%
Finland
81%
Sweden
81%
Egypt
80%
Portugal
80%
Chile
78%
Iran
78%
Denmark
77%
Mongolia
77%
Greece
76%
New Zealand
76%
North Korea
76%
Norway
76%
Poland
76%
South Korea
76%
Ireland
75%
Israel
75%
Pakistan
75%
Ukraine
75%
Iraq
74%
Kazakhstan
74%
Peru
74%
Saudi Arabia
74%
South Africa
74%
Indonesia
73%
Morocco
73%
Rome
72%
Vietnam
72%
Belgium
71%
Netherlands
71%
Niger
71%
Afghanistan
70%
Thailand
70%
Algeria
68%
Austria
68%
Colombia
68%
Madagascar
68%
Nepal
68%
Uzbekistan
68%
Belarus
67%
Estonia
67%
Hungary
67%
Oman
67%
Sudan
67%
Nigeria
66%
United Arab Emirates
66%
Lithuania
65%
Malaysia
65%
Philippines
65%
Switzerland
65%
Turkmenistan
65%
Uruguay
65%
Yemen
65%
Romania
63%
Albania
62%
Democratic Republic of the Congo
62%
Latvia
62%
Papua New Guinea
62%
Sri Lanka
62%
Cuba
61%
Laos
61%
Paraguay
61%
Vatican City
61%
Venezuela
61%
Azerbaijan
60%
Bangladesh
60%
Bolivia
60%
Chad
60%
Czech Republic
60%
Slovakia
60%
South Sudan
60%
Andorra
59%
Bulgaria
59%
Cyprus
59%
Jamaica
59%
Kenya
59%
Luxembourg
59%
Cambodia
58%
Ecuador
58%
Lebanon
58%
Qatar
58%
Somalia
58%
Dominican Republic
57%
Libya
57%
Republic of the Congo
57%
Syria
57%
Washington D.C.
57%
Croatia
56%
Jordan
56%
Singapore
56%
Myanmar
55%
Panama
55%
Panama City
55%
Tajikistan
55%
Armenia
54%
Bahamas
54%
Georgia
54%
Monaco
54%
North Macedonia
54%
Serbia
54%
Slovenia
54%
Tunis
54%
Ethiopia
53%
Ghana
53%
Mali
53%
Zimbabwe
53%
Bhutan
52%
Kyrgyzstan
52%
London
52%
Bosnia and Herzegovina
51%
Botswana
51%
Guatemala
51%
Guatemala City
51%
Guyana
51%
Haiti
51%
Kuwait
51%
Kuwait City
51%
Taiwan
51%
Angola
49%
Central African Republic
49%
Dominica
49%
Malta
49%
Moldova
49%
Zambia
49%
Mozambique
48%
New Delhi
48%
San Marino
48%
Tunisia
48%
El Salvador
47%
Fiji
47%
Liechtenstein
47%
Madrid
47%
Moscow
47%
Suriname
47%
Benin
46%
Honduras
46%
Maldives
46%
Senegal
46%
Togo
46%
Cameroon
45%
Costa Rica
45%
Kosovo
45%
Paris
45%
Bahrain
44%
Belize
44%
Berlin
44%
Dublin
44%
Guinea
44%
Uganda
44%
Lesotho
43%
Lisbon
43%
Ottawa
43%
Sierra Leone
43%
Tanzania
43%
Tokyo
43%
Barbados
42%
Brunei
42%
Eswatini
42%
Montenegro
42%
Namibia
42%
Nicaragua
42%
Beijing
41%
Brasília
41%
East Timor
41%
Ivory Coast
41%
Trinidad and Tobago
41%
Amsterdam
40%
Athens
39%
Canberra
39%
Eritrea
39%
Federated States of Micronesia
39%
Gabon
39%
Mauritania
39%
Oslo
39%
Seoul
39%
Solomon Islands
39%
Stockholm
39%
Antigua and Barbuda
38%
Djibouti
38%
Jakarta
38%
Kiev
38%
Kiribati
38%
Rwanda
38%
Saint Kitts and Nevis
38%
Saint Lucia
38%
Seychelles
38%
Vanuatu
38%
Warsaw
38%
Ankara
37%
Cape Verde
37%
Copenhagen
37%
Guinea-Bissau
37%
Marshall Islands
37%
Nauru
37%
Tonga
37%
Tuvalu
37%
Brussels
35%
Cairo
35%
Equatorial Guinea
35%
Gambia
35%
Liberia
35%
Burundi
34%
Malawi
34%
Palau
34%
Reykjavík
34%
Abu Dhabi
33%
Bangkok
33%
Buenos Aires
33%
Burkina Faso
33%
Helsinki
33%
Samoa
33%
Vienna
33%
Bern
32%
Lima
32%
Manila
32%
Mauritius
32%
São Tomé
32%
Dhaka
31%
Kabul
31%
Kuala Lumpur
31%
Santiago
31%
São Tomé and Príncipe
31%
Taipei
31%
Grenada
30%
Hanoi
30%
Islamabad
30%
Saint Vincent and the Grenadines
30%
Sofia
30%
Budapest
29%
Prague
29%
Pyongyang
29%
Tallinn
29%
Wellington
29%
Bucharest
28%
Comoros
28%
Jerusalem
27%
Minsk
27%
Tirana
27%
Baghdad
26%
Bogotá
26%
Kathmandu
26%
Riga
26%
Riyadh
26%
Vilnius
26%
Doha
25%
Havana
25%
Kingston
25%
Kingstown
25%
Montevideo
25%
Tehran
25%
Ulaanbaatar
25%
Zagreb
25%
Addis Ababa
24%
Algiers
24%
Andorra la Vella
24%
Damascus
24%
La Paz
24%
Beirut
23%
Belgrade
23%
Caracas
23%
Georgetown
23%
Quito
23%
Rabat
23%
Sana'a
23%
Bratislava
22%
Ljubljana
22%
Nicosia
22%
San Salvador
22%
Sarajevo
22%
Amman
20%
Baku
20%
Nur-Sultan
20%
Phnom Penh
20%
Skopje
20%
Vaduz
20%
Valletta
20%
Abuja
19%
Asunción
19%
Cape Town
19%
Kinshasa
19%
Muscat
19%
Tripoli
19%
Vientiane
19%
Chișinău
18%
Dakar
18%
Malé
18%
Managua
18%
Manama
18%
Nairobi
18%
Nassau
18%
Port Moresby
18%
Pretoria
18%
Sucre
18%
Suva
18%
Windhoek
18%
Accra
17%
Bishkek
17%
Harare
17%
Kampala
17%
Luanda
17%
Podgorica
17%
Port-au-Prince
17%
San José
17%
Santo Domingo
17%
Tashkent
17%
Tbilisi
17%
Yerevan
17%
Ashgabat
16%
Belmopan
16%
Bissau
16%
Dili
16%
Freetown
16%
Juba
16%
Khartoum
16%
Lomé
16%
Port-of-Spain
16%
Tegucigalpa
16%
Thimphu
16%
Bandar Seri Begawan
15%
Mogadishu
15%
Naypyidaw
15%
Victoria
15%
Apia
14%
Brazzaville
14%
Bridgetown
14%
Dushanbe
14%
Gaborone
14%
Lusaka
14%
Ouagadougou
14%
Paramaribo
14%
Praia
14%
Pristina
14%
Roseau
14%
Saint George's
14%
Asmara
13%
Bamako
13%
Basseterre
13%
Castries
13%
Kigali
13%
Libreville
13%
Malabo
13%
Maputo
13%
N'Djamena
13%
Niamey
13%
Porto-Novo
13%
Port Vila
13%
Saint John's
13%
Sri Jayawardenapura Kotte
13%
Antananarivo
12%
Bangui
12%
Banjul
12%
Bloemfontein
12%
Majuro
12%
Monrovia
12%
Moroni
12%
Palikir
12%
South Tarawa
12%
Yaren
12%
Conakry
11%
Funafuti
11%
Lilongwe
11%
Maseru
11%
Mbabane
11%
Nouakchott
11%
Yaoundé
11%
Dodoma
10%
Honiara
10%
Ngerulmud
10%
Nukuʻalofa
10%
Port Louis
10%
Yamoussoukro
10%
Gitega
9%
Cotonou
4%
No matching quizzes found
Score Distribution
Percent of People with Each Score
Percentile by Number Answered
Your Score History
You have not taken this quiz